000 00711cam a2200241Ia 4500
020 _a0028232194
020 _a9780028232195
020 _a0028233875 (teacher's wraparound ed.)
020 _a9780028233871 (teacher's wraparound ed.)
040 _cGAC
082 _a909 GLE 1997 A103 Or.
100 1 _aFarah, Mounir
245 1 0 _aWorld history :
_bthe human experience /
260 _aNew York :
_bGlencoe/McGraw-Hill,
_c1997
300 _axvi, 33, 1088 p. :
_bill. (some col.), col. maps ;
_c29 cm
500 _aIncludes index
650 0 _aHistory
650 0 _aWorld history
650 4 _aCurmats
700 1 _aKarls, Andrea Berens
710 2 _aNational Geographic Society (U.S.)
942 _cEK
999 _c14349
_d14349